[Event "RSA-ch U12"]
[Site "Gauteng"]
[Date "2017.04.08"]
[Round "6"]
[White "Koen, Ivan"]
[Black "Kula, Vuyani"]
[Result "1/2-1/2"]
[WhiteElo "1119"]
[BlackElo "1236"]
[PlyCount "48"]
[EventDate "2017.04.05"]
[EventType "swiss"]
[EventRounds "11"]
[EventCountry "RSA"]
[SourceTitle "CBM 177 Extra"]
[Source "ChessBase"]
[SourceDate "2017.04.27"]
[SourceVersion "1"]
[SourceVersionDate "2017.04.27"]
[SourceQuality "1"]

1. d4 d5 2. c4 Nf6 3. Nc3 Nc6 4. a3 Bf5 5. Nf3 Bg4 6. e3 Bf5 7. c5 a6 8. Bd3 Ne4 9. Bd2 e6 10. 0-0 Be7 11. h3 0-0 12. b4 Nxd2 13. Qxd2 Bxd3 14. Qxd3 Bf6 15. Rfd1 b6 16. e4 bxc5 17. bxc5 dxe4 18. Qxe4 Ne7 19. Rac1 Nd5 20. Nxd5 exd5 21. Qe3 c6 22. Rb1 a5 23. Rb6 Qc7 24. Rdb1 h6 1/2-1/2